000 00845nam a2200241 4500
001 11136
003 HDC
007 cr bn ---aaaaa
008 210206c dr|noo 0 a eng d
040 _aHDC
245 0 _aSpecial report:
_bGreat Potential for Halal Tourism and Hospitality in the Deep South
260 _a[No place] :
_bNational News Bureau of Thailand,
_c[no year]
336 _atext
_2rdacontent
337 _acomputer
_2rdamedia
338 _aonline resource
_2rdacarrier
650 _aHalal Tourism
_9529
650 _aHospitality
_95578
710 _aNational News Bureau of Thailand
856 _zRequest full-text at [email protected]
942 _2lcc
942 _cNEWS
942 _kNWSO 002245
999 _c8459
_d8459